000 00382nam a2200157Ia 4500
008 231217s9999 xx 000 0 und d
041 _aEnglish
082 _a621.3692 GHA
100 _aGhatak, Ajoy Thyagarajan K
245 0 _aOptical electronics
250 _a1st ed.
260 _c1993
_bFoundation Books
300 _a624
650 _aOptical electronics
942 _cAA
999 _c163045
_d163045